000 01042nam a2200277 i 4500
003 DO-SdBNP
005 20240517153115.0
007 ta
008 240517b1989 dr ||||| |||| 00| 0 spa d
040 _aDO-SdBNP
_bspa
_cBNPHU
_erda
082 4 _222
100 _aSánchez Fernández, José A.
_945403
_eautor
245 1 0 _aSánchez y Báez /
_cJosé A. Sánchez Fernández
264 _aSanto Domingo :
_bUniversitaria-UASD,
_c1989.
300 _a193 páginas ;
_c21 cm.
336 _2rdacontent
_atexto
_btxt
337 _2rdamedia
_asin mediación
_bn
338 _2rdacarrier
_avolumen
_bnc
490 _aPublicaciones de la Universidad Autónoma de Santo Domingo
_v599
490 _aHistoria y Sociedad
_v83
500 _aUna revisión radical de la historia tradicional en varios aspectos de la historia política de la Primera República.
500 _aA la juventud que lucha por la revolución dominicana para que conozca nuestra verdadera historia.
590 _aInventariado, 2024/BT
910 _aBtavárez
942 _2ddc
_cLBS1
999 _c56694
_d56694